<?xml version="1.0" encoding="UTF-8"?>
<record
    xmlns:xsi="http://www.w3.org/2001/XMLSchema-instance"
    xsi:schemaLocation="http://www.loc.gov/MARC21/slim http://www.loc.gov/standards/marcxml/schema/MARC21slim.xsd"
    xmlns="http://www.loc.gov/MARC21/slim">

  <leader>02290cam a22003495i 4500</leader>
  <datafield tag="999" ind1=" " ind2=" ">
    <subfield code="c">27664</subfield>
    <subfield code="d">27635</subfield>
  </datafield>
  <controlfield tag="001">013059090</controlfield>
  <controlfield tag="003">EG-ScBUE</controlfield>
  <controlfield tag="005">20191003104505.0</controlfield>
  <controlfield tag="008">050616s2005    enk    f b    001 0 eng d</controlfield>
  <datafield tag="020" ind1=" " ind2=" ">
    <subfield code="a">1859845231 (cased)</subfield>
  </datafield>
  <datafield tag="020" ind1=" " ind2=" ">
    <subfield code="a">1859844898 (pbk.)</subfield>
  </datafield>
  <datafield tag="020" ind1=" " ind2=" ">
    <subfield code="a">9781859844892 (pbk.)</subfield>
  </datafield>
  <datafield tag="040" ind1=" " ind2=" ">
    <subfield code="a">StDuBDS</subfield>
    <subfield code="b">eng</subfield>
    <subfield code="e">rda</subfield>
    <subfield code="c">StDuBDS</subfield>
    <subfield code="d">Uk</subfield>
    <subfield code="d">EG-ScBUE</subfield>
  </datafield>
  <datafield tag="082" ind1="0" ind2="4">
    <subfield code="a">324.213</subfield>
    <subfield code="b">POP</subfield>
    <subfield code="2">22</subfield>
  </datafield>
  <datafield tag="245" ind1="0" ind2="0">
    <subfield code="a">Populism and the mirror of democracy /</subfield>
    <subfield code="c">edited by Francisco Panizza.</subfield>
  </datafield>
  <datafield tag="264" ind1=" " ind2="1">
    <subfield code="a">London ;</subfield>
    <subfield code="a">New York :</subfield>
    <subfield code="b">Verso,</subfield>
    <subfield code="c">2005.</subfield>
  </datafield>
  <datafield tag="300" ind1=" " ind2=" ">
    <subfield code="a">358 pages ;</subfield>
    <subfield code="c">20 cm.</subfield>
  </datafield>
  <datafield tag="336" ind1=" " ind2=" ">
    <subfield code="a">text</subfield>
    <subfield code="b">txt</subfield>
    <subfield code="2">rdacontent</subfield>
  </datafield>
  <datafield tag="337" ind1=" " ind2=" ">
    <subfield code="a">unmediated</subfield>
    <subfield code="b">n</subfield>
    <subfield code="2">rdamedia</subfield>
  </datafield>
  <datafield tag="338" ind1=" " ind2=" ">
    <subfield code="a">volume</subfield>
    <subfield code="b">nc</subfield>
    <subfield code="2">rdacarrier</subfield>
  </datafield>
  <datafield tag="490" ind1="0" ind2=" ">
    <subfield code="a">Phronesis</subfield>
  </datafield>
  <datafield tag="504" ind1=" " ind2=" ">
    <subfield code="a">Includes bibliographical references (p. [317]-338) and index.</subfield>
  </datafield>
  <datafield tag="505" ind1="0" ind2=" ">
    <subfield code="a">Introduction : Populism and the mirror of democracy / Francisco Panizza -- Populism : what's in a name? / Ernesto Laclau -- The "end of politics" and the challenge of right-wing populism / Chantal Mouffe -- Populism as an internal periphery of democratic politics / Benjamin Arditi -- Skinhead conservatism : a failed populist project / Oscar Reyes -- Constitutive violence and the nationalist imaginary : the making of "the people" in Palestine and "former Yugoslavia" / Glenn Bowman -- From founding violence to political hegemony : the conservative populism of George Wallace / Joseph Lowndes -- Populism and the New Right in English Canada / David Laycock -- Populism or popular democracy? : the UDF, workerism, and the struggle for radical democracy in South Africa / David Howarth -- Religion and populism in contemporary Greece / Yannis Stavrakakis -- The discursive continuities of the Menemist rupture / Sebastian Barros.</subfield>
  </datafield>
  <datafield tag="520" ind1=" " ind2=" ">
    <subfield code="a">Topics covered by the contributors to this volume include populism and the new right in English Canada, religion and populism in contemporary Greece, populism as an internal periphery of democratic politics, and the discursive continuities of the Menemist rupture.</subfield>
  </datafield>
  <datafield tag="650" ind1=" " ind2="7">
    <subfield code="a">Populism.</subfield>
    <subfield code="2">BUEsh</subfield>
  </datafield>
  <datafield tag="650" ind1=" " ind2="7">
    <subfield code="a">Democracy.</subfield>
    <subfield code="2">BUEsh</subfield>
  </datafield>
  <datafield tag="653" ind1=" " ind2=" ">
    <subfield code="b">MASPPSS</subfield>
    <subfield code="c">October2019</subfield>
  </datafield>
  <datafield tag="655" ind1=" " ind2=" ">
    <subfield code="v">Reading book</subfield>
  </datafield>
  <datafield tag="700" ind1="1" ind2=" ">
    <subfield code="a">Panizza, Francisco,</subfield>
    <subfield code="e">editor.</subfield>
  </datafield>
  <datafield tag="856" ind1="4" ind2="1">
    <subfield code="3">Table of contents</subfield>
    <subfield code="u">http://www.loc.gov/catdir/toc/ecip0515/2005017442.html</subfield>
  </datafield>
  <datafield tag="942" ind1=" " ind2=" ">
    <subfield code="2">ddc</subfield>
    <subfield code="c">BB</subfield>
  </datafield>
  <datafield tag="952" ind1=" " ind2=" ">
    <subfield code="0">0</subfield>
    <subfield code="1">0</subfield>
    <subfield code="2">ddc</subfield>
    <subfield code="4">0</subfield>
    <subfield code="7">0</subfield>
    <subfield code="8">Baccah</subfield>
    <subfield code="a">MAIN</subfield>
    <subfield code="b">MAIN</subfield>
    <subfield code="c">1ST</subfield>
    <subfield code="d">2019-10-03</subfield>
    <subfield code="e">Purchase</subfield>
    <subfield code="g">480.00</subfield>
    <subfield code="l">0</subfield>
    <subfield code="o">324.213 POP</subfield>
    <subfield code="p">000048079</subfield>
    <subfield code="r">2025-07-15 00:00:00</subfield>
    <subfield code="v">600.00</subfield>
    <subfield code="w">2019-10-03</subfield>
    <subfield code="y">BB</subfield>
  </datafield>
</record>
